000 00587 a2200181 4500
999 _c7728
_d7728
010 _aENG-88172
020 _c795.00
_a9788189937157
035 _aEN-71705
037 _bDBAD / PUB
082 1 4 _a020.6
245 1 _aManual of library and information/
_cedited by S.R. Das
260 _aNew Delhi
_bArise Publishers & Distributors
_c2008
270 _a4648/1, 21, Ansari Road, Darya Ganj,
_bNew Delhi
_e110 002
300 _av, 288p.
_c21cm(Hb)
500 _aIncludes bibliographical references and index
700 _aDas, S.R.
942 _adpl
_cEN
_2ddc
_h020.16
_mMAN